000 00916nam a22003017a 4500
003 CHAP
005 20220329134124.0
008 971013c19841979 r 00010 d
010 _a15729
011 _a16701
035 _a20783
040 _cCHAP
090 _aFolleto 8993y
100 0 0 _aGuelfond, A. O.
_951096
245 1 _aResolución de ecuaciones en números enteros
260 _aMoscú :
_bMir,
_c1984 (c.1979)
300 _a63 p
490 _aLecciones populares de matemáticas
590 _aBATCH-UPD
_b10
_c20130110
_lUCH01
_h2111
590 _aBATCH-UPD
_b10
_c20130410
_lUCH01
_h1421
590 _aBATCH-UPD
_b10
_c20130914
_lUCH01
_h1301
590 _aCONVERSION
_b10
_c20130109
_lUCH01
_h1310
650 1 4 _aEcuaciones.
_935304
830 0 _aLecciones populares de matemáticas
_965355
901 _aBK
942 _cFOLL
949 _aFolleto 8993y
_bBC
_cFOLL
_d-48399
_eTS1
_gI.c/e
_i20783
_si
_t175.00
999 _c15729
_d15729